000 005510000a22001690004500
090 _aAR
_b02226
245 1 0 _aUbicación taxonómica de la familia Melastomataceae: Magnoliopsida Rosidae Myrtales Melatomaceae
650 1 4 _aBotánica
_9361
650 1 4 _aTaxonomía vegetal
_992262
650 1 4 _aMorfología vegetal
_918295
651 4 _pColombia
_992749
653 _fMelastomataceae
041 0 _aEspañol
100 1 _aLozano Contreras, Gustavo
_920520
942 _cARTICULO
773 1 _tResumen del Curso de Melastomataceae, 1994
_31196
_q1-18
_d1994
999 _c11298
_d11298